000 00858nmm a2200265 a 4500
001 ocm000607702
003 TR-IsHL
005 20201028133843.0
008 131121s2005 tu tur
007 cr cn
020 _a9789756127001
035 _a607702
_b(N$T)
050 0 4 _aPL523
_b.K46 2005
090 0 4 _aPL523
_b.K46 2005
100 1 _aKemal, Namık
245 1 0 _aModern Japon dili seyahat ve konuşma kılavuzu
_h[electronic resource] /
_cNamık Kemal
260 _aİstanbul :
_bGeçit Kitabevi,
_c2005
300 _a288 p.
650 4 _aDil ve Edebiyat
650 4 _aLanguage and Literature
650 0 _aJapon dili
_x Türkçe
650 0 _aJapanese language
_x Turkish
650 7 _aFOREIGN LANGUAGE STUDY / Japanese
_2bisacsh
856 4 0 _uhttp://search.ebscohost.com/login.aspx?direct=true&scope=site&db=e011xww&AN=607702
999 _c5867
_d5867